| 000 | 00693nam a2200253Ia 4500 | ||
|---|---|---|---|
| 003 | OSt | ||
| 005 | 20220918182357.0 | ||
| 006 | a|||||r|||| 00| 0 | ||
| 007 | ta | ||
| 008 | 220917b |||||||| |||| 00| 0 eng d | ||
| 024 | _a32,185 | ||
| 037 | _cTextual | ||
| 040 |
_aARTS _cARTS _beng |
||
| 041 |
_2eng _aeng |
||
| 082 | _aO111,1M06:g, K5 | ||
| 100 | _aPottle Frederick A | ||
| 245 | 0 |
_aShelley and Browning _b a myth and some facts |
|
| 260 |
_aNew York _bAechon Books _c1965 |
||
| 300 |
_a94p. _ccm. |
||
| 500 | _aAppendix 65-90p (A-B) | ||
| 650 | _aENGLISH LITERATURE | ||
| 942 |
_hO111,1M06:g, K5 _cTEXL _2CC |
||
| 999 |
_c168758 _d168758 |
||